Noteworthy 2 : Listening and notetaking skills
Guardat en:
| Autor principal: | |
|---|---|
| Format: | Llibre |
| Idioma: | Undetermined |
| Publicat: |
Australia
Thomson
2005
|
| Matèries: | |
| Etiquetes: |
Afegir etiqueta
Sense etiquetes, Sigues el primer a etiquetar aquest registre!
|
| Thư viện lưu trữ: | Trung tâm Học liệu Trường Đại học Cần Thơ |
|---|
| LEADER | 00636nam a2200217Ia 4500 | ||
|---|---|---|---|
| 001 | CTU_93470 | ||
| 008 | 210402s9999 xx 000 0 und d | ||
| 020 | |c 375000 | ||
| 082 | |a 428.24 | ||
| 082 | |b L732 | ||
| 100 | |a Lim, Phyllis L. | ||
| 245 | 0 | |a Noteworthy 2 : | |
| 245 | 0 | |b Listening and notetaking skills | |
| 245 | 0 | |c Phyllis L.Lim | |
| 260 | |a Australia | ||
| 260 | |b Thomson | ||
| 260 | |c 2005 | ||
| 650 | |a English language,Note-taking,Listening | ||
| 650 | |x Textbooks for foreign speakers,Problems, exercises, etc,Problems, exercises, etc | ||
| 904 | |i Truc | ||
| 980 | |a Trung tâm Học liệu Trường Đại học Cần Thơ | ||